Introduction a la lecture de Platon suivi de entretiens sur Descartes

Spremljeno u:
Bibliografski detalji
Glavni autor: Koyré, Alexandre (Autor)
Format: Knjiga
Jezik:francuski
Izdano: París Gallimard 1962
Izdanje:1a. ed
Serija:Les Essais, 107
Teme:
Oznake: Dodaj oznaku
Bez oznaka, Budi prvi tko označuje ovaj zapis!

MARC

LEADER 00000cam a2200000 a 4500
001 UCE4222
003 CL-VaPUC
008 141016e19620000fr |||||||||||||||||fre|d
082 0 4 |a 184  |b KOY  |2 21 
100 |a Koyré, Alexandre  |e author  |9 576797 
245 1 0 |a Introduction a la lecture de Platon suivi de entretiens sur Descartes 
250 |a 1a. ed 
300 |a 229 p 
942 |c BK 
945 |d 20141016 12:02:00  |a dcastane 
260 |a París  |b Gallimard  |c 1962 
600 0 7 |a PLATON  |2 CL-VaPUC  |9 222 
600 0 |a Descartes, René  |e autor  |9 265906 
650 0 |a Platonismo  |9 265673 
650 0 |a Filosofía antigua   |9 255705 
583 |a last modification  |c 20141016 12:02:00  |k Rodrigo Vera 
490 0 |a Les Essais, 107 
999 |c 357254  |d 357252 
952 |0 0  |1 0  |3 erb  |4 0  |6 184_000000000000000_KOY_1962  |7 0  |8 A  |9 465122  |a BIBART  |b BIBART  |i 5039452  |o 184 KOY 1962  |p 5039452  |r 2025-03-13  |w 2019-11-23  |y BK  |z Catalogado en:20141016  |k ART